Statistics for Random Country to Capital - 3 Letter Sprint

Click here to take the quiz!

General Stats

  • This quiz has been taken 64 times
  • The average score is 18 of 20

Answer Stats

CountryCapital City% Correct
United Arab EmiratesAbu Dhabi
100%
NigeriaAbuja
100%
AlgeriaAlgiers
100%
JordanAmman
100%
NetherlandsAmsterdam
100%
AndorraAndorra la Vella
100%
TurkeyAnkara
100%
MadagascarAntananarivo
100%
EritreaAsmara
100%
KazakhstanAstana
100%
GreeceAthens
100%
IraqBaghdad
100%
AzerbaijanBaku
100%
BruneiBandar Seri Begawan
100%
ThailandBangkok
100%
Central African RepublicBangui
100%
GambiaBanjul
100%
ChinaBeijing
100%
LebanonBeirut
100%
SerbiaBelgrade
100%
GermanyBerlin
100%
SwitzerlandBern
100%
KyrgyzstanBishkek
100%
Guinea-BissauBissau
100%
ColombiaBogotá
100%
BrazilBrasília
100%
SlovakiaBratislava
100%
Rep. of the CongoBrazzaville
100%
RomaniaBucharest
100%
HungaryBudapest
100%
ArgentinaBuenos Aires
100%
EgyptCairo
100%
AustraliaCanberra
100%
Saint LuciaCastries
100%
MoldovaChișinău
100%
DenmarkCopenhagen
100%
SyriaDamascus
100%
BangladeshDhaka
100%
DjiboutiDjibouti
100%
IrelandDublin
100%
Sierra LeoneFreetown
100%
TuvaluFunafuti
100%
BotswanaGaborone
100%
BurundiGitega
100%
VietnamHanoi
100%
ZimbabweHarare
100%
CubaHavana
100%
FinlandHelsinki
100%
IndonesiaJakarta
100%
IsraelJerusalem
100%
AfghanistanKabul
100%
NepalKathmandu
100%
RwandaKigali
100%
JamaicaKingston
100%
St. Vincent and the GrenadinesKingstown
100%
Dem. Rep. of the CongoKinshasa
100%
MalaysiaKuala Lumpur
100%
KuwaitKuwait City
100%
UkraineKyiv
100%
BoliviaLa Paz / Sucre
100%
PeruLima
100%
PortugalLisbon
100%
SloveniaLjubljana
100%
TogoLomé
100%
United KingdomLondon
100%
AngolaLuanda
100%
ZambiaLusaka
100%
LuxembourgLuxembourg
100%
SpainMadrid
100%
Marshall IslandsMajuro
100%
MaldivesMalé
100%
NicaraguaManagua
100%
BahrainManama
100%
PhilippinesManila
100%
MexicoMexico City
100%
BelarusMinsk
100%
SomaliaMogadishu
100%
LiberiaMonrovia
100%
UruguayMontevideo
100%
RussiaMoscow
100%
OmanMuscat
100%
ChadN'Djamena
100%
IndiaNew Delhi
100%
CyprusNicosia
100%
MauritaniaNouakchott
100%
TongaNukuʻalofa
100%
NorwayOslo
100%
CanadaOttawa
100%
Burkina FasoOuagadougou
100%
PanamaPanama City
100%
FranceParis
100%
CambodiaPhnom Penh
100%
HaitiPort-au-Prince
100%
MauritiusPort Louis
100%
Papua New GuineaPort Moresby
100%
VanuatuPort Vila
100%
Czech RepublicPrague
100%
South AfricaPretoria, etc...
100%
KosovoPristina
100%
North KoreaPyongyang
100%
EcuadorQuito
100%
MoroccoRabat
100%
IcelandReykjavík
100%
LatviaRiga
100%
Saudi ArabiaRiyadh
100%
ItalyRome
100%
Costa RicaSan José
100%
San MarinoSan Marino
100%
El SalvadorSan Salvador
100%
Bosnia and HerzegovinaSarajevo
100%
South KoreaSeoul
100%
SingaporeSingapore
100%
North MacedoniaSkopje
100%
BulgariaSofia
100%
Sri LankaSri Jayawardenepura Kotte
100%
SwedenStockholm
100%
FijiSuva
100%
TaiwanTaipei
100%
EstoniaTallinn
100%
GeorgiaTbilisi
100%
HondurasTegucigalpa
100%
IranTehran
100%
AlbaniaTirana
100%
JapanTokyo
100%
LibyaTripoli
100%
MongoliaUlaanbaatar
100%
LiechtensteinVaduz
100%
MaltaValletta
100%
Vatican CityVatican City
100%
AustriaVienna
100%
LaosVientiane
100%
LithuaniaVilnius
100%
PolandWarsaw
100%
United StatesWashington D.C.
100%
New ZealandWellington
100%
NamibiaWindhoek
100%
CameroonYaoundé
100%
ArmeniaYerevan
100%
CroatiaZagreb
100%
GuatemalaGuatemala City
86%
KenyaNairobi
86%
YemenSana'a
86%
SamoaApia
83%
Saint Kitts and NevisBasseterre
83%
BelgiumBrussels
83%
VenezuelaCaracas
83%
TanzaniaDodoma
83%
BahamasNassau
83%
São Tomé and PríncipeSão Tomé
83%
BelizeBelmopan
80%
East TimorDili
80%
UgandaKampala
80%
ComorosMoroni
80%
MontenegroPodgorica
80%
Antigua and BarbudaSaint John's
80%
SenegalDakar
75%
PakistanIslamabad
75%
EswatiniMbabane
75%
MonacoMonaco
75%
NigerNiamey
75%
BeninPorto-Novo / Cotonou
75%
KiribatiSouth Tarawa
75%
NauruYaren
75%
Solomon IslandsHoniara
71%
Trinidad and TobagoPort-of-Spain
71%
MalawiLilongwe
67%
DominicaRoseau
67%
Fed. States of MicronesiaPalikir
60%
SurinameParamaribo
60%
MyanmarNaypyidaw
57%
TurkmenistanAshgabat
50%
MaliBamako
50%
QatarDoha
50%
TajikistanDushanbe
50%
Equatorial GuineaMalabo
50%
LesothoMaseru
50%
Dominican RepublicSanto Domingo
50%
UzbekistanTashkent
50%
TunisiaTunis
50%
Cape VerdePraia
40%
GuyanaGeorgetown
33%
MozambiqueMaputo
33%
PalauNgerulmud
33%
BarbadosBridgetown
25%
GhanaAccra
0%
EthiopiaAddis Ababa
0%
ParaguayAsunción
0%
GuineaConakry
0%
South SudanJuba
0%
SudanKhartoum
0%
GabonLibreville
0%
GrenadaSaint George's
0%
ChileSantiago
0%
BhutanThimphu
0%
SeychellesVictoria
0%
Ivory CoastYamoussoukro
0%

Score Distribution

Percentile by Number Answered

Percent of People with Each Score

Your Score History

You have not taken this quiz